[Event "Olympiad-40"]
[Site "Istanbul"]
[Date "2012.08.30"]
[Round "3.4"]
[White "Avrukh, Boris"]
[Black "Eljanov, Pavel"]
[Result "1-0"]
[WhiteElo "2605"]
[BlackElo "2693"]
[Annotator "Avrukh,B"]
[PlyCount "79"]
[EventDate "2012.08.28"]
[EventType "team-swiss"]
[EventRounds "11"]
[EventCountry "TUR"]
[SourceTitle "CBM 151"]
[Source "ChessBase"]
[SourceDate "2012.11.13"]
[SourceVersion "1"]
[SourceVersionDate "2012.11.13"]
[SourceQuality "1"]
[WhiteTeam "Israel"]
[BlackTeam "Ukraine"]
[WhiteTeamCountry "ISR"]
[BlackTeamCountry "UKR"]

1. d4 Nf6 2. c4 e6 3. g3 c5 4. d5 exd5 5. cxd5 d6 6. Nc3 g6 7. Bg2 Bg7 8. Nf3
O-O 9. O-O Qe7 {I have huge experience in this line, but I was facing this
move for the first time in my practice.} 10. Bf4 {In my well-known book "1. d4
Grandmaster Repertoire" I always prefered idea of Nd2-c4, but definitely Pavel
had prepared something at home, so I decided to change the plan in favour of
the Bf4-idea.} Nbd7 11. a4 $1 {Having done some homework on this line, I
remembered that eventually I came to the conclusion, that this useful move is
the most accurate one in this concrete position. White's main choices here are
11. h3 and 11. Re1, but somehow I got the feeling that I needed the pawn on h2
and rook on f1:).} ({After} 11. h3 {Black has the idea} Nh5 $5 12. Bg5 f6 13.
Bd2 f5 14. e4 {Of course} (14. Ng5 {and it would be really strong with pawn on
h2, but here Black has a very important resource} f4 $1 {[%csl Gg3]} 15. Ne6
fxg3 $1 {The main point of Black's idea.} 16. Bg5 $2 {Black would get very
rich compensation after} (16. Nxf8 Nxf8 $44 {[%csl Gg1]}) 16... Bf6 17. Nxf8
Bxg5 18. Ne6 gxf2+ 19. Kxf2 Ne5 $40 {and White came under serious attack in
Voiteanu-Grinev, Cracow POL 2011}) 14... f4 {seems tempting:} 15. g4 Nhf6 {
with very unclear play, as occurred in a few games.}) ({After} 11. Re1 {
I don't like Black's idea connected with ...Ng4, in a few versions} a6 12. a4
Ng4 {, or} (12... Rb8 13. a5 Ng4 14. Na4 Nge5 15. Nxe5 Nxe5 16. Nb6 {
Barendregt-Minic, Zagreb 1971 and here} Nd7 {would allow Black to equalise
comfortably.})) 11... Ng4 {One of the thematic ideas in this line of the
Benoni.} ({After} 11... a6 {my idea was to continue} 12. Rb1 {following by
b2-b4, recently there have been a few examples of this position.}) 12. Bg5 $1 {
In my opinion this is the most unpleasant idea for Black after he has moved
with the knight to g4.} f6 {Black has to react in this way} (12... Qe8 $2 {
is impossible in view of} 13. Nb5 $1 {[%csl Gc7,Gd6] and Black loses material,
while}) (12... Bf6 13. Bxf6 Ngxf6 14. Nd2 {should be better for White, as
Black is missing his main source of power in this Benoni type of position -
his dark-squared bishop.}) 13. Bd2 $146 {An obvious improvement over} (13. Bc1
Nge5 $6 14. Re1 {Also here} (14. Nb5 {[%cal Gb5c7] was quite strong.}) 14... a6
15. Nd2 Re8 16. Qc2 Rb8 {and Black was absolutely fine in Grant-Brunello,
Arvier 2010.}) 13... a6 ({Suprisingly the natural} 13... Nge5 {would have run
into the unpleasant} 14. Nb5 $1 {and Black has problems defending against the
Nc7 idea, since both} Nb6 {and} (14... Nxf3+ 15. exf3 $1 Ne5 16. Re1) 15. Nxe5
fxe5 16. b4 {lead to a clear advantage for White.}) 14. Rb1 $1 {[%cal Gb2b4]
Now White switches to my favourite idea.} Nge5 15. b4 cxb4 $2 {A very tempting
decision, typical of the Benoni opening, Black gets a nice c5-square for his
knight, but his activity appears to be only a short-term factor, while his
structural problems start to tell in the long term.} ({The correct decision
would have been} 15... b6 {, still I like the white position here, as I have a
choice between clarifying the pawn structure by means of} 16. bxc5 {and
retaining the pressure on the queenside} (16. Qb3 $5) 16... bxc5 17. a5) 16.
Rxb4 Nxf3+ ({White would be clearly better after} 16... Nc5 17. Nxe5 fxe5 18.
Be3 $1 $16 {[%csl Gb6]}) 17. exf3 $1 $16 {A key move in White's strategy after
provoking the f7-f6 move; the recapture with the e-pawn makes a lot of sense,
as White not only gains control over the e4- and e5-squares, but also gets the
e-file at his disposal.} ({The lesser evil for Black would be} 17. Bxf3 f5 18.
a5 Rb8 $14) 17... f5 {A logical follow-up.} ({In the event of} 17... Nc5 {
Black should also reckon with} 18. Ne4 $5 {nevertheless there is nothing wrong
with} (18. a5)) 18. a5 {[%csl Gb7,Gd6] Now White's strategy becomes clear,
Black's pawn structure on the queenside, especially the pawns b7 and d6 are
long-term targets.} Qd8 19. Qa4 {My computer prefers the tactical} (19. Na4 {
but I don't see much point in changing the character of the game} Qxa5 20. Rxb7
Qd8 (20... Qxd5 {is probably not enough} 21. f4 (21. Rc7 $5) 21... Qxg2+ 22.
Kxg2 Bxb7+ 23. f3 $16 {and Black doesn't have sufficient compensation for the
queen.}) 21. Rb1 Ne5 $14) 19... Nc5 20. Qa3 Bd7 21. Rb6 Qf6 22. Rc1 Rfe8 {
Black makes all natural moves, nevertheless I don't see any possibility for
him to avoid the very bad position he eventually ended up in.} 23. Bf1 $1 {
[%csl Gd3] A very nice positional move, that kills Black's last chances to
create counterplay connected with the knight move to d3.} Rac8 24. Nd1 {
Now White is threatening both 25.Be3 and 25.Bf4.} ({The immediate} 24. Be3 {
was also good enough.}) 24... Qd4 25. Qa2 {Here I spent a plenty of time
trying to evaluate the position after} (25. Be3 Qa4 26. Bxc5 Rxc5 27. Qxa4 Bxa4
28. Rxc5 dxc5 29. Ne3 Re7 {I believe Black retains some chances to survive,
thanks to his bishop pair.}) 25... Qf6 ({I planned to meet} 25... Qa4 {with}
26. Qb1 {and the Black queen is rather misplaced on a4.}) 26. Be3 Qf8 {It's
hard to recommend anything better, Black's position is starting to fall apart.}
27. Bxc5 Rxc5 ({Not much better is} 27... dxc5 28. Rxb7 Rcd8 29. Nc3 {with a
large advantage.}) 28. Rxc5 dxc5 29. Rxb7 Qd6 {The queen gets here with tempo,
but even after the relatively best} (29... Bc8 30. d6+ Kh8 31. Rb6 {White
would be easily winning.}) 30. Ne3 Kh8 31. Rb6 $18 {Now White is absolutely
winning, but as always I didn't manage to convert my advantage without
allowing Black counter chances.} Qe5 32. Qc4 ({According to the computer the
strongest move was} 32. f4 Qc3 33. d6 {, but the text is quite qood as well.})
32... Qa1 33. Qxc5 ({There was nothing wrong with capturing another pawn:} 33.
Rxa6 {, as after} Bd4 {, or} (33... f4 34. Qxf4 Bh3 35. d6 Bd4 36. Qf7 $18) {
White has the simple} 34. Nc2 $1) 33... f4 $1 {A good practical chance in
mutual time trouble.} ({I calculated only the obvious} 33... Bd4 34. Qc7 (34.
Qd6 $5 {also winning.}) 34... Rxe3 35. Qxd7 {White also wins after} (35. Rb8+
Re8 36. Rxe8+ Bxe8 37. Qe7 $18 {[%cal Ge7f8]}) 35... Bxb6 36. axb6 Re1 37. b7
Rxf1+ 38. Kg2 Rg1+ 39. Kh3 Rb1 (39... Qf1+ 40. Kh4 $18) 40. d6 {and White wins.
}) 34. gxf4 Bh3 35. Qc2 $6 $138 {To tell the truth, I started to panic here as
I was running short of time and decided to neutralise Black's threats on the
back rank with Rb1.} ({Meanwhile I obviously overestimated Black threats,
instead} 35. Qc7 $1 h5 36. Rb8 $1 {seems to me the most practical decision,
after} Rxb8 37. Qxb8+ Kh7 38. d6 Bd4 39. Qb7+ Kh6 40. Qxa6 $18 {White's
material advantage is decisive.}) 35... Qxa5 $2 {In mutual time trouble Pavel
missed his chance to complicate matters.} ({He should have tried} 35... Rxe3 {
then after} 36. Rb8+ Bf8 37. Rb1 {Black has to go for} Qc3 38. Qxc3+ Rxc3 39.
Bxh3 Rxf3 {with some practical chances to hold, although after accurate} 40.
Be6 Bc5 41. Rc1 $1 {White should be able to convert his material advantage,
despite different coloured bishops, for example:} Bxf2+ 42. Kg2 Rxf4 43. d6 Bh4
44. Rc6 $1 Kg7 45. Rxa6 $18 {[%csl Ga5,Gd6] and two passed pawns should decide
the game.}) 36. Qc6 $1 {Now White wins easily.} Rc8 37. Bxh3 $1 {The most
elegant way to decide the game.} (37. Qb7 $18) 37... Rxc6 38. Rb8+ Bf8 39. dxc6
Qc5 40. Rxf8+ {[%cal Gc6c7,Gc7c8] and Black resigned here since after 40...
Qxf8 41.c7 White will get a new queen and two extra pieces. Despite winning
this nice game our team lost to Ukraine 2.5-1.5.} 1-0

[Event "Match/Nation DDR-ROM 19,5-12,5"]
[Site "Zinnowitz"]
[Date "1983.10.17"]
[Round "3.6"]
[White "Boensch, Uwe"]
[Black "Ionescu, Constantin"]
[Result "1-0"]
[WhiteElo "2450"]
[BlackElo "2400"]
[Annotator "Boensch,U"]
[PlyCount "65"]
[EventDate "1983.10.14"]
[EventType "team-match"]
[EventRounds "4"]
[EventCountry "DDR"]
[SourceTitle "EXT 2002"]
[Source "ChessBase"]
[SourceDate "2001.11.25"]
[SourceVersion "1"]
[SourceVersionDate "2001.11.25"]
[SourceQuality "1"]

{SCHACH 12/1983} 1. d4 Nf6 2. c4 e6 3. Nf3 c5 4. d5 exd5 5. cxd5 d6 6. Nc3 g6
7. g3 Bg7 8. Bg2 O-O 9. O-O Re8 10. Nd2 b6 {Dies ist eine selten gespielte
Variante.} 11. a4 Ba6 12. Nb5 Bxb5 13. axb5 {Als Kompensation für die
geschwächte Bauernstellung erhält Weiss das starke Springerfeld c4 sowie Druck
auf der a-Linie.} Nbd7 14. Ra2 $1 {Eine Neuerung auf die mein Gegner nicht gut
reagiert. In der Enzyklopädie findet man folgende Variante:} (14. h3 Re7 15.
Ra4 Ne8 16. Ne4 Ndf6 17. Nc3 Nc7 {mit leichtem Vorteil für Weiss}) 14... a5 $6
{Damit beseitigt Schwarz wohl den Druck auf a7, aber die Schattenseite des
Bauern b6, liegt auf der Hand.} 15. b3 (15. bxa6 {braucht Schwarz nicht zu
fürchten, da er nach} b5 {nebst Qb6 bequemes Spiel erhält}) 15... Re7 16. Bb2
Ne8 17. Bxg7 Kxg7 18. Nc4 Ne5 19. e4 Kg8 $2 (19... Nxc4 20. bxc4 f6 {ist
unbedingt erforderlich, um den weissen Königsangriff abzuschwächen}) 20. Ne3
Nc7 21. f4 Nd7 22. Qd3 f6 23. h4 $1 {Eine weitere Schwächung der
Rochadestellung ist das Ziel.} Qe8 24. h5 Ra7 25. Ng4 Kg7 {[#]} (25... gxh5 26.
Nh6+ {/\ Nf5}) 26. e5 $1 fxe5 27. f5 $1 (27. fxe5 $2 Nxe5 28. h6+ Kh8 29. Raf2
Ra8 $1 {und Schwarz kann sich verteidigen}) 27... Rf7 28. f6+ Kh8 29. hxg6 hxg6
30. Be4 (30. Qxg6 Nf8 {gefolgt von Nh7 oder Rh7 ist nicht klar}) 30... Nf8 31.
Bxg6 Nxg6 32. Qxg6 Rh7 33. f7 (33. f7 Qf8 34. Qf6+ Rg7 35. Rh2#) 1-0

[Event "World U20-ch22"]
[Site "Belfort"]
[Date "1983.08.21"]
[Round "9"]
[White "Saeed, Saeed Ahmed"]
[Black "Milos, Gilberto"]
[Result "1/2-1/2"]
[WhiteElo "2390"]
[BlackElo "2380"]
[Annotator "Bulletin/Primel,D"]
[PlyCount "113"]
[EventDate "1983.08.12"]
[EventType "swiss"]
[EventRounds "13"]
[EventCountry "FRA"]
[SourceTitle "EXT 2004"]
[Source "ChessBase"]
[SourceDate "2003.11.25"]
[SourceVersion "1"]
[SourceVersionDate "2003.11.25"]
[SourceQuality "1"]

1. d4 Nf6 2. c4 e6 3. Nf3 c5 4. d5 exd5 5. cxd5 d6 6. Nc3 g6 7. g3 (7. e4) (7.
Nd2 {[%cal Gd2c4]}) 7... Bg7 8. Bg2 O-O 9. O-O Na6 (9... a6 {Plus courant pour
essayer de gagner de l'espace а l'aile-dame par b5} 10. a4 Nbd7 11. Bf4 (11. e4
Ng4 {Short,N (2510)-Franic,M (2335) Wch U20 Belfort 1983 0-1}) 11... Qe7 12. h3
Rb8 13. Rb1 $1 Nh5 14. Bg5 f6 15. Bd2 f5 16. b4 (16. Qc1 {[%csl Re3][%cal
Gb2b4]} Nhf6 17. Ng5 {[%csl Re6]}) 16... cxb4 17. Rxb4 Nxg3 18. fxg3 Bxc3 19.
Bxc3 Qe3+ 20. Kh2 Qxc3 21. Qd4 Qxd4 22. Nxd4 {[%csl Ge6]}) (9... Nbd7) 10. Nd2
Nc7 {[%cal Gb7b5] L'idée est également de pousser b5 mais sans affaiblir la
case "b6" après a2a4a5} 11. a4 (11. Nc4 Nfe8 12. Bf4) 11... b6 12. e4 {Une
ligne secondaire} (12. Nc4 {Plus courant} Ba6) (12. Re1) 12... Ng4 13. Nc4 Ne5
14. Na3 {[%cal Gf2f4]} f6 15. Re1 (15. f4 Nf7 16. Nc4 Ba6 17. Qb3) 15... Qd7
16. f4 Nf7 17. Nc4 Ba6 18. Ne3 Rae8 19. Bd2 f5 {Généralement, les noirs
doivent jouer activement la Benoni sous peine d'avoir peu d'espace.} 20. exf5
gxf5 21. Qh5 Nh6 22. Bh3 Bb7 23. Bg2 a6 24. h3 b5 25. axb5 axb5 26. Ra7 Rb8 27.
Ne2 b4 28. g4 Nb5 29. Ra5 Rbe8 30. g5 Nf7 31. Rxb5 $5 Qxb5 32. Nxf5 Bc8 33.
Neg3 Rxe1+ 34. Bxe1 Bxf5 35. Nxf5 Qe8 36. Bg3 {[%cal Gg1h2]} Nd8 37. Nxg7 $1
Qe3+ 38. Kh2 Kxg7 39. Qh6+ Kg8 40. Qxd6 Nf7 41. Qc7 (41. Qe6 $1 {[%cal Ge6e3]}
Qd2 {[%cal Gd2b2]} 42. g6 hxg6 43. Qxg6+ Kh8 44. f5 {[%cal Gg3e5]} Qe3 45. f6
Qh6 46. Qxh6+ Nxh6 47. Bd6) 41... Qd2 42. h4 c4 (42... Qxb2 43. Qxc5) 43. f5
Qd3 44. d6 (44. g6 $142 $1 hxg6 45. fxg6 Qxg6 46. Qxc4 $16 {[%cal Gc4g8,Gd5d6]}
) 44... c3 45. bxc3 bxc3 46. g6 hxg6 47. fxg6 Qxg6 48. Qxc3 Nxd6 49. Qc6 Rd8
50. Bd5+ Kf8 51. Qb6 Qc2+ 52. Bg2 Nf7 53. Qb4+ Kg8 54. Qg4+ Kf8 55. Qb4+ Kg8
56. Qg4+ Kf8 57. Bf4 {Les deux adversaires sont 04ème ex-aequo avec 6/9}
1/2-1/2